Detalles MARC
| 000 -CABECERA |
| campo de control de longitud fija |
01380nam a2200193 a 4500 |
| 001 - NÚMERO DE CONTROL |
| campo de control |
000043332 |
| 005 - FECHA Y HORA DE LA ÚLTIMA TRANSACCIÓN |
| campo de control |
20240305130541.0 |
| 008 - DATOS DE LONGITUD FIJA--INFORMACIÓN GENERAL |
| campo de control de longitud fija |
140310s2004 dr a 000 0 spa d |
| 040 ## - FUENTE DE LA CATALOGACIÓN |
| Centro catalogador/agencia de origen |
DO-SdBNP |
| Lengua de catalogación |
spa |
| Centro/agencia transcriptor |
BNPHU |
| 082 ## - NÚMERO DE LA CLASIFICACIÓN DECIMAL DEWEY |
| Número de clasificación |
xxxx |
| Número de documento/Ítem |
xxxx |
| 110 2# - ENTRADA PRINCIPAL--NOMBRE DE ENTIDAD CORPORATIVA |
| Nombre de entidad corporativa o nombre de jurisdicción como elemento de entrada |
Seminario Permanente de Educación |
| Fecha del congreso/reunión o de la firma de un tratado |
(2003-2004 |
| Sede del congreso/Lugar de la reunión |
Santo Domingo, República Dominicana) |
| 9 (RLIN) |
70971 |
| 245 10 - MENCIÓN DE TÍTULO |
| Título |
Seminario permanente de educación : EDUCA / |
| Mención de responsabilidad, etc. |
presentación Juan Tomás Tavares Kelner, Aída Consuelo Hernández Bonnelly. |
| 260 ## - PUBLICACIÓN, DISTRIBUCIÓN, ETC. |
| Lugar de publicación, distribución, etc. |
Santo Domingo : |
| Nombre del editor, distribuidor, etc. |
Acción para la Eduación Básica, |
| Fecha de publicación, distribución, etc. |
2004. |
| 300 ## - DESCRIPCIÓN FÍSICA |
| Extensión |
193 p. : |
| Otras características físicas |
il., ; |
| Dimensiones |
28 cm. |
| 500 ## - NOTA GENERAL |
| Nota general |
Incluye referencias bibliográficas y notas al pie de las páginas. |
| 505 0# - NOTA DE CONTENIDO CON FORMATO |
| Nota de contenido con formato |
Pressentación -- |
| Título |
Privatización de la educación como alternativa eficiente al gasto público en educación en la República Dominicana / |
| Mención de responsabilidad |
José Luis de Ramón -- |
| -- |
Rolando Reyes -- |
| Título |
Educación privada con políticas públicas / |
| Mención de responsabilidad |
Isidoro Santana -- |
| Título |
¿Es la carrera de educación una opción entre los jóvenes? / |
| Mención de responsabilidad |
Francisco Polanco Sámchez -- |
| Título |
La evaluación de la educación y el uso de la información en sus resultados para mejorar la calidad de la educación / |
| Mención de responsabilidad |
Julio Valeirón -- |
| Título |
Autonomía y participación: desafíos de la escuela / |
| Mención de responsabilidad |
Marcos Villamán. |
| 700 12 - PUNTO DE ACCESO ADICIONAL--NOMBRE DE PERSONA |
| Nombre de persona |
Tavares K., Juan Tomás, |
| Fechas asociadas al nombre |
1953- |
| Término indicativo de función/relación |
pres. |
| 9 (RLIN) |
48925 |
| 700 12 - PUNTO DE ACCESO ADICIONAL--NOMBRE DE PERSONA |
| Nombre de persona |
Hernández Bonnelly, Aída Consuelo, |
| Término indicativo de función/relación |
pres. |
| 9 (RLIN) |
69166 |